effect of higher doses of urea fertilizer over recommended dose on mustard / (Record no. 16184)

MARC details
000 -LEADER
fixed length control field 01035nam a22002657a 4500
003 - CONTROL NUMBER IDENTIFIER
control field BD-DhSAU
005 - DATE AND TIME OF LATEST TRANSACTION
control field 20221103155337.0
008 - FIXED-LENGTH DATA ELEMENTS--GENERAL INFORMATION
fixed length control field 150612b2021 bg ad||| m||| 00| 0 eng d
040 ## - CATALOGING SOURCE
Original cataloging agency BD-DhSAU
082 ## - DEWEY DECIMAL CLASSIFICATION NUMBER
Edition number 22
Classification number 581
Item number Is41
100 ## - MAIN ENTRY--PERSONAL NAME
Personal name ISLAM, MD. SHIJAN
Relator term Registration no. # 19-10171
245 ## - TITLE STATEMENT
Title effect of higher doses of urea fertilizer over recommended dose on mustard /
Remainder of title MS thesis
260 ## - PUBLICATION, DISTRIBUTION, ETC. (IMPRINT)
Place of publication, distribution, etc. Sher-e-Bangla Agricultural Uniersity :
Name of publisher, distributor, etc. Department of Agricultural Botany,
Date of publication, distribution, etc. 2021
300 ## - PHYSICAL DESCRIPTION
Extent ix, 66p. :
Other physical details ill. ;
Dimensions 30 cm.
500 ## - GENERAL NOTE
General note MS thesis of Department of Agricultural Botany , <br/>Sher-e-Bangla Agricultural University, Dhaka, Bangladesh
504 ## - BIBLIOGRAPHY, ETC. NOTE
Bibliography, etc Includes bibliographical reference.
590 ## - Name of Cataloguer
Name of Cataloger Nazmul
650 ## - SUBJECT ADDED ENTRY--TOPICAL TERM
Topical term or geographic name as entry element fertilizer over
650 ## - SUBJECT ADDED ENTRY--TOPICAL TERM
Topical term or geographic name as entry element mustard
651 ## - SUBJECT ADDED ENTRY--GEOGRAPHIC NAME
Geographic name mustard
700 ## - ADDED ENTRY--PERSONAL NAME
Personal name Prof. Dr.Nasima Akhter
Relator term Superviser
700 ## - ADDED ENTRY--PERSONAL NAME
Personal name prof.Dr. Md. Moinul Haque
Relator term Co-superviser
856 ## - ELECTRONIC LOCATION AND ACCESS
Uniform Resource Identifier <a href="http://archive.saulibrary.edu.bd:8080/xmlui/handle/123456789/4469">http://archive.saulibrary.edu.bd:8080/xmlui/handle/123456789/4469</a>
942 ## - ADDED ENTRY ELEMENTS (KOHA)
Source of classification or shelving scheme Dewey Decimal Classification
Koha item type MS Level Thesis
Holdings
Withdrawn status Lost status Source of classification or shelving scheme Damaged status Not for loan Collection code Home library Branch Name Date acquired Total Checkouts Full call number Barcode Date last seen Price effective from Koha item type
    Dewey Decimal Classification   Not For Loan Reference SAU Library SAU Library 03/11/2022   581 Is41 44067 03/11/2022 03/11/2022 MS Level Thesis